000 00665cam a22002413a 4500
001 23910
003 PGUSA
005 20140828083517.0
008 071219s2007||||xxu|||||s|||||000 1 eng d
040 _aPGUSA
_beng
042 _adc
050 4 _aPL
100 1 _aLu, Xixing,
_d1520-1606
245 1 0 _a封神演義
_h[electronic resource] /
_cXixing Lu
260 _bProject Gutenberg,
_c2007
506 _aPublic domain in the USA.
516 _aElectronic text
653 _aChinese fiction -- Ming dynasty, 1368-1644
740 0 _aFeng Shen Yan Yi
830 0 _aProject Gutenberg
_v23910
856 4 0 _uhttp://www.gutenberg.org/ebooks/23910
942 _cEB
999 _c253165
_d253165